| 000 | 00898nam a22002417a 4500 | ||
|---|---|---|---|
| 001 | 3529 | ||
| 003 | FISKH | ||
| 005 | 20240429122524.0 | ||
| 008 | 240318b cb ||||| |||| 00| 0 eng d | ||
| 040 |
_aFISK _beng _cFISK _dFISK |
||
| 050 | _aPZ7.H389 | ||
| 082 | _a813.54 | ||
| 100 |
_aHenkes Kevin _d1960- |
||
| 245 |
_aBird lake moon / _cKevin Henkes |
||
| 260 |
_aNew York : _bScholastic, _c2010 |
||
| 300 |
_a179 pages : _b20 cm |
||
| 505 | _aM | ||
| 520 | _aTwelve-year-old Mitch and his mother are spending the summer with his grandparents at Bird Lake after his parents separate, and ten-year-old Spencer and his family have returned to the lake where Spencer's little brother drowned long ago, and as the boys become friends and spend time together, each of them begins to heal. | ||
| 521 | 8 |
_a740 _bLexile |
|
| 700 | _aKevin Henkes | ||
| 942 |
_2ddc _cBK _n0 |
||
| 999 |
_c3529 _d3529 |
||